<?xml version="1.0" encoding="UTF-8"?>
<record
    xmlns:xsi="http://www.w3.org/2001/XMLSchema-instance"
    xsi:schemaLocation="http://www.loc.gov/MARC21/slim http://www.loc.gov/standards/marcxml/schema/MARC21slim.xsd"
    xmlns="http://www.loc.gov/MARC21/slim">

  <leader>00212nam a2200085   4500</leader>
  <controlfield tag="001">1255711</controlfield>
  <controlfield tag="005">20251211141427.0</controlfield>
  <datafield tag="245" ind1=" " ind2=" ">
    <subfield code="a">TAR&#x130;H YAZMAK B&#x130;Z&#x130;M &#x130;&#x15E;&#x130;M&#x130;Z</subfield>
    <subfield code="c">MET&#x130;N &#xD6;ZDAMARLAR</subfield>
  </datafield>
  <datafield tag="260" ind1=" " ind2=" ">
    <subfield code="b">T&#x130;MA&#x15E;  YAYINLARI</subfield>
  </datafield>
  <datafield tag="999" ind1=" " ind2=" ">
    <subfield code="c">1255711</subfield>
    <subfield code="d">1255711</subfield>
  </datafield>
  <datafield tag="952" ind1=" " ind2=" ">
    <subfield code="0">0</subfield>
    <subfield code="1">0</subfield>
    <subfield code="2">ddc</subfield>
    <subfield code="4">0</subfield>
    <subfield code="7">0</subfield>
    <subfield code="a">1008</subfield>
    <subfield code="b">1008</subfield>
    <subfield code="d">2025-12-11</subfield>
    <subfield code="l">0</subfield>
    <subfield code="p">10087076</subfield>
    <subfield code="r">2025-12-11 14:14:51</subfield>
    <subfield code="w">2025-12-11</subfield>
    <subfield code="y">BK</subfield>
  </datafield>
</record>
